Malý mestský automobil
Saved in:
| Main Author: | |
|---|---|
| Other Authors: | |
| Format: | Manuscript Book |
| Language: | Slovak |
| Published: |
Bratislava :
STU v Bratislave SjF,
2011
|
| Subjects: | |
| Online Access: | VAIS |
| Tags: |
No Tags, Be the first to tag this record!
|
MARC
| LEADER | 00000ntm a22000003a 4500 | ||
|---|---|---|---|
| 001 | stu232758 | ||
| 005 | 20150617230137.7 | ||
| 008 | 110803s2011----xo------------------slo-d | ||
| 040 | |a STU |b slo | ||
| 041 | 0 | |a slo | |
| 044 | |a xo | ||
| 100 | 1 | |a Radoš, Rastislav, |d 1989- |4 aut |u J |T SjF Strojnícka fakulta |X 58809 |U J |Y 20 |7 A000058809 | |
| 242 | 0 | 0 | |a Small city car |y eng |
| 245 | 1 | |a Malý mestský automobil | |
| 260 | |a Bratislava : |b STU v Bratislave SjF, |c 2011 | ||
| 650 | 7 | |a automobily, lode a spaľovacie motory |2 stusub | |
| 650 | 7 | |a Automobiles, Ships and Combustion Engines |2 estusub | |
| 650 | 7 | |a safety |2 estusub | |
| 650 | 7 | |a gearbox |2 estusub | |
| 650 | 7 | |a torque |2 estusub | |
| 650 | 7 | |a power |2 estusub | |
| 650 | 7 | |a engine |2 estusub | |
| 650 | 7 | |a emission |2 estusub | |
| 650 | 7 | |a krútiaci moment |2 stusub | |
| 650 | 7 | |a výkon |2 stusub | |
| 650 | 7 | |a bezpečnosť |2 stusub | |
| 650 | 7 | |a prevodovka |2 stusub | |
| 650 | 7 | |a motor |2 stusub | |
| 650 | 7 | |a emisie |2 stusub | |
| 650 | 7 | |a karoséria |2 stusub | |
| 700 | 1 | |a Danko, Ján, |d 1979- |4 ths |u J0030 |U SjF Strojnícka fakulta |T SjF Ústav dopravnej techniky a konštruovania |X 3691 |U J0030 |Y 806 |7 A000003691 | |
| 856 | 4 | |a info a plný text |u http://is.stuba.sk/zp/portal_zp.pl?podrobnosti=60266 |3 VAIS | |
| 996 | |b 284J041866 |c J*1101/BP |l J |s A |a 24 |w stu232758_0001 | ||
| 996 | |l JJSK |s A |a 24 |w stu232758_0002 | ||